Basketball Euroleague MVPs - Statistiken

Allgemein
  • Dieses Quiz wurde 22 mal gespielt
  • Das Durchschnittsergebnis liegt bei 6 aus 20
Antwortstatistiken
Saison Nationalität Verein Antwort % Korrekt
17/18 Slowenien Real Madrid Luka Dončić
84%
23/24 USA Monaco Mike James
63%
24/25 USA Panathinaikos Kendrick Nunn
58%
09/10 Serbien Olympiakos Milos Teodosic
58%
22/23 Bulgarien Olympiakos Sasha Vezenkov
58%
20/21 Serbien Anadolu Efes Vasilije Micić
47%
12/13 Griechenland Olympiakos Vassilis Spanoulis
42%
08/09 Spanien Barcelona Juan Carlos Navarro
32%
16/17 Spanien Real Madrid Sergio Llull
32%
10/11 Griechenland Panathinaikos Dimitris Diamantidis
26%
13/14 Spanien Real Madrid Sergio Rodríguez
26%
18/19 Tschechien Fenerbahce Jan Veselý
21%
15/16 Frankreich ZSKA Nando de Colo
21%
11/12 Russland ZSKA Andrei Kirilenko
16%
04/05 USA Maccabi Anthony Parker
16%
05/06 USA Maccabi Anthony Parker
16%
21/22 Spanien Barcelona Nikola Mirotić
11%
06/07 Griechenland ZSKA Theo Papaloukas
11%
14/15 Serbien Fenerbahce Nemanja Bjelica
5%
07/08 Litauen ZSKA Ramūnas Šiškauskas
0%
Keine übereinstimmenden Quizze gefunden
Verteilung der Resultate
Anzahl Personen mit jedem Resultat
Perzentil nach korrekt beantworteten Fragen
Ihre Resultats-Entwicklung
Sie haben dieses Quiz noch nicht gespielt